000 01132nam1a22002891i 4500
001 v19\rc\1320172
005 20241225202136.0
035 _a(NLR Aleph) 004474938
090 _a4578913
_c4578913
100 _a20060512d1831 |||y0rusy50 ca
101 0 _arus
102 _aRU
105 _a z |||||
200 1 _aКонхилиология, или Изложение сведений о раковинах и животных, производящих оные
_fСост. Яким Зембницкий. Ч. 1-
210 _aСанкт-Петербург
_cтип. Экспедиции заготовления гос. бумаг
_d1831
215 _d22
517 0 _aИзложение сведений о раковинах и животных, производящих оные
700 1 _aЗембницкий
_bЯ.Г.
_f1784-1851
_gЯким Григорьевич
_4220
801 0 _aRU
_bNLR
_gpsbo
801 0 _aRU
_bRuMoRGB
_2psbo
801 1 _aRU
_bProSoft-M
_2rusmarc
852 _aNLR
_j18.1.3.16
899 _aRuMoRGB
_jT 15/1533
899 _aБАН
899 _aНБ СПбГУ
899 _aНБ МГУ
942 _cBOOK